| 000 | 01041nac a22003377a 4500 | ||
|---|---|---|---|
| 001 | BR0806926 | ||
| 003 | BR-BrBNA | ||
| 005 | 20240105123701.0 | ||
| 008 | 230509b bl.|||m| |||| 00| 0 por d | ||
| 040 |
_aBR-BrBNA _bpor _cBiblioteca Nacional de Agricultura |
||
| 072 | _aF01 | ||
| 090 | _a2120 BR0806926 | ||
| 100 | 1 | _aTrento, E.J. | |
| 100 | 1 | _aMolin, R.N.D. | |
| 100 | 1 | _aDemoner, C.A. | |
| 100 | 1 | _aHaas, I. | |
| 100 | 1 | _aSobrinho, N.M. | |
| 100 | 1 | _aOliveira, K.G. de | |
| 110 | 1 | _aEmpresa Paranaense de Assistência Téncia e Extensão Rural, Curitiba, PR (Brasil) | |
| 245 | 1 | _aManual técnico de cafeeiros em produção - café | |
| 260 | 3 |
_aCuritiba, PR (Brasil): _c2000. |
|
| 300 | _a28 p. | ||
| 490 |
_aInformação Técnica - Empresa Paranaense de Assistência Técnica Rural (Brazil) _vno. 52 _x |
||
| 500 | _a40 illus. | ||
| 650 | _aCAFÉ | ||
| 650 | _aADUBAÇÃO | ||
| 650 | _aDEFICIÊNCIA MINERAL | ||
| 650 | _aSEMEADURA | ||
| 909 |
_a202312 _bLúcia Elande _c55 _dLúcia Elande |
||
| 942 |
_2AGRIS _n0 _cMS |
||
| 999 |
_c296534 _d296534 |
||